MARC details
| 000 -LEADER |
| fixed length control field |
03833nam a22005417a 4500 |
| 001 - CONTROL NUMBER |
| control field |
DVD-007630-638 |
| 005 - DATE AND TIME OF LATEST TRANSACTION |
| control field |
20110517031600.0 |
| 006 - FIXED-LENGTH DATA ELEMENTS--ADDITIONAL MATERIAL CHARACTERISTICS--GENERAL INFORMATION |
| fixed length control field |
a|||||r|||||00| 0 |
| 007 - PHYSICAL DESCRIPTION FIXED FIELD--GENERAL INFORMATION |
| fixed length control field |
vd cvaizu |
| 008 - FIXED-LENGTH DATA ELEMENTS--GENERAL INFORMATION |
| fixed length control field |
100506s2009 ii 138 g 00| 0 hin |
| 010 ## - LIBRARY OF CONGRESS CONTROL NUMBER |
| LC control number |
DVD-007630-638 |
| 024 ## - OTHER STANDARD IDENTIFIER |
| Standard number or code |
DHIF2121S |
| Terms of availability |
149.00 |
| 035 ## - SYSTEM CONTROL NUMBER |
| System control number |
DVD-007630-638 |
| 040 ## - CATALOGING SOURCE |
| Original cataloging agency |
DLC |
| Transcribing agency |
DLC |
| Modifying agency |
DLC |
| Description conventions |
amim |
| 082 ## - DEWEY DECIMAL CLASSIFICATION NUMBER |
| Classification number |
DVD ALLT |
| 245 00 - TITLE STATEMENT |
| Title |
All the best : |
| Remainder of title |
fun begins / |
| Statement of responsibility, etc |
Ajay Devagn Ffilms ; a Rohit Shetty film. |
| 257 ## - COUNTRY OF PRODUCING ENTITY FOR ARCHIVAL FILMS |
| Country of producing entity |
India. |
| 260 ## - PUBLICATION, DISTRIBUTION, ETC. (IMPRINT) |
| Place of publication, distribution, etc |
New Delhi : |
| Name of publisher, distributor, etc |
Moser Baer Entertainment, |
| Date of publication, distribution, etc |
p2009. |
| 300 ## - PHYSICAL DESCRIPTION |
| Extent |
1 videodisc of (DVD) (ca. 138 min.) : |
| Other physical details |
sd., col. ; |
| Dimensions |
4 3/4 in. |
| Materials specified |
viewing copy. |
| 500 ## - GENERAL NOTE |
| General note |
Accompanied by free DVD: Khud-daar / director, Ravi Tandon. |
| 500 ## - GENERAL NOTE |
| General note |
Discs 1-2 together in one container. |
| 500 ## - GENERAL NOTE |
| General note |
Originally released theatrically in 2009. |
| 500 ## - GENERAL NOTE |
| General note |
Summary partially taken from container. |
| 508 ## - CREATION/PRODUCTION CREDITS NOTE |
| Creation/production credits note |
Music, Pritam ; lyrics, Kumaar ; screenplay, Yunus Sajawal ; editor, Steven H. Bernard. |
| 511 1# - PARTICIPANT OR PERFORMER NOTE |
| Participant or performer note |
Ajay Devgan, Fardeen Khan, Sanjay Dutt, Mugdha Godse, Bipasha Basu. |
| 520 ## - SUMMARY, ETC. |
| Summary, etc |
Veer in greed of extracting extra pocket money from his step-brother Dharam, a business-honcho from London, tries to lie about his single status and puts it forth as 'happily married'. His friend Prem, a concept car expert, lends a helping hand in this falsely embossed projection. Veer and Prem land up in debts as they had opted for a short-cut to earn easy money. The two get into a bigger soup when Veer's step-brother, Dharam pays a sudden visit to their place. |
| 538 ## - SYSTEM DETAILS NOTE |
| System details note |
5.1 Digital sound, NTSC All region, with English subtitle, |
| 546 ## - LANGUAGE NOTE |
| Language note |
In Hindi with English subtitles. |
| 650 #0 - SUBJECT ADDED ENTRY--TOPICAL TERM |
| Topical term or geographic name as entry element |
Deception |
| Form subdivision |
Drama. |
| 9 (RLIN) |
33262 |
| 650 #0 - SUBJECT ADDED ENTRY--TOPICAL TERM |
| Topical term or geographic name as entry element |
Debtor and creditor |
| Form subdivision |
Drama. |
| 9 (RLIN) |
33263 |
| 650 #0 - SUBJECT ADDED ENTRY--TOPICAL TERM |
| Topical term or geographic name as entry element |
Stepbrothers |
| Form subdivision |
Drama. |
| 9 (RLIN) |
33264 |
| 700 1# - ADDED ENTRY--PERSONAL NAME |
| Personal name |
Devgan, Ajay, |
| Relator term |
production. |
| 9 (RLIN) |
33265 |
| 700 1# - ADDED ENTRY--PERSONAL NAME |
| Personal name |
Shetty, Rohit, |
| Dates associated with a name |
1974- |
| Relator term |
direction. |
| 9 (RLIN) |
33266 |
| 700 0# - ADDED ENTRY--PERSONAL NAME |
| Personal name |
Pritam, |
| Relator term |
music. |
| 9 (RLIN) |
33267 |
| 710 2# - ADDED ENTRY--CORPORATE NAME |
| Corporate name or jurisdiction name as entry element |
Moser Baer Entertainment (Firm) |
| 9 (RLIN) |
33268 |
| 942 ## - ADDED ENTRY ELEMENTS (KOHA) |
| Source of classification or shelving scheme |
Dewey Decimal Classification |
| Item type |
CD-ROMs, DVDs, VHS |
| Classification part |
DVD |
| Call number suffix |
ALLT |